000 00603nam a2200157Ia 4500
008 090124s9999 xx 000 0 und d
082 _b39918
245 _a मुस्लिम परिवेश की विशिष्ट कहानियाँ
250 _a0
260 _c2003
300 _a176
630 _a मुस्लिम परिवेश की विशिष्ट कहानियाँ
700 _a"झारी , विजयदेव"
730 _a मुस्लिम परिवेश की विशिष्ट कहानियाँ
942 _cBOOK
999 _c106781
_d106781